| 000 | 00688nam a22002177a 4500 | ||
|---|---|---|---|
| 003 | BD-DhJNU | ||
| 005 | 20250211072031.0 | ||
| 008 | 250211b |||||||| |||| 00| 0 eng d | ||
| 020 | _a9781337408271 | ||
| 020 | _a9781337616287 | ||
| 040 |
_aBD-DhJNU _bENG _cBD-DhJNU _dBD-DhJNU |
||
| 082 |
_223 _a153 GOC |
||
| 100 | _aGoldstein, E. Bruce | ||
| 245 |
_aCognitive psychology : _bconnecting mind, research, and everyday experience / _cE. Bruce Goldstein |
||
| 250 | _a5th ed. | ||
| 260 |
_aAustralia : _bCengage, _c2019. |
||
| 300 |
_axxxvii, 552p. : _bill. ; _c24 cm. |
||
| 504 | _aIncludes bibliographical references and index | ||
| 650 | _aCognitive Psychology | ||
| 942 |
_2ddc _cBK _n0 |
||
| 999 |
_c1301 _d1301 |
||